Normal view
MARC view
Entry Personal Name
001 - CONTROL NUMBER
- control field: 15993
003 - CONTROL NUMBER IDENTIFIER
- control field: BD-RjUL
005 - DATE AND TIME OF LATEST TRANSACTION
- control field: 20250712163837.0
008 - FIXED-LENGTH DATA ELEMENTS
- fixed length control field: 250712|| aca||aabn | a|a d
040 ## - CATALOGING SOURCE
- Original cataloging agency: BD-RjUL
- Transcribing agency: BD-RjUL
100 ## - HEADING--PERSONAL NAME
- Personal name: Fuller, Margaret,
- Dates associated with a name: 1810-1850
670 ## - SOURCE DATA FOUND
- Source citation: Work cat.: (BD-RjUL)85182: Fuller, Margaret, 1810-1850., Front cover image for Political, religious, and love poems Political, religious, and love poems /, 1903